<?xml version="1.0" encoding="UTF-8"?>
<record
    xmlns:xsi="http://www.w3.org/2001/XMLSchema-instance"
    xsi:schemaLocation="http://www.loc.gov/MARC21/slim http://www.loc.gov/standards/marcxml/schema/MARC21slim.xsd"
    xmlns="http://www.loc.gov/MARC21/slim">

  <leader>01515nam a2200253 i 4500</leader>
  <controlfield tag="003">OSt</controlfield>
  <controlfield tag="005">20250204112144.0</controlfield>
  <controlfield tag="008">240401s2024    my     g      000 f may d</controlfield>
  <datafield tag="020" ind1=" " ind2=" ">
    <subfield code="a">9786299936718</subfield>
    <subfield code="c">RM 28.00</subfield>
    <subfield code="q">paperback</subfield>
  </datafield>
  <datafield tag="040" ind1=" " ind2=" ">
    <subfield code="a">PPAK</subfield>
    <subfield code="b">eng</subfield>
    <subfield code="c">PPAK</subfield>
    <subfield code="e">rda</subfield>
  </datafield>
  <datafield tag="082" ind1="0" ind2="4">
    <subfield code="2">23</subfield>
    <subfield code="a">899.2333</subfield>
  </datafield>
  <datafield tag="090" ind1="0" ind2="0">
    <subfield code="a">899.2333</subfield>
    <subfield code="b">ZAI</subfield>
    <subfield code="d">G</subfield>
  </datafield>
  <datafield tag="100" ind1="0" ind2=" ">
    <subfield code="a">Zaifu Zaman Ahmad, </subfield>
    <subfield code="d">1969-</subfield>
    <subfield code="e">author.</subfield>
  </datafield>
  <datafield tag="245" ind1="1" ind2="0">
    <subfield code="a">STAY AWAY /</subfield>
    <subfield code="c">ZAIFU ZAMAN AHMAD</subfield>
  </datafield>
  <datafield tag="264" ind1=" " ind2="1">
    <subfield code="a">Kajang, Selangor : </subfield>
    <subfield code="b">BLACK ALPHA SDN. BHD., </subfield>
    <subfield code="c">[2024?]</subfield>
  </datafield>
  <datafield tag="300" ind1=" " ind2=" ">
    <subfield code="a">355 pages ; </subfield>
    <subfield code="c">19 cm</subfield>
  </datafield>
  <datafield tag="336" ind1=" " ind2=" ">
    <subfield code="a">text</subfield>
    <subfield code="2">rdacontent</subfield>
  </datafield>
  <datafield tag="337" ind1=" " ind2=" ">
    <subfield code="a">unmediated</subfield>
    <subfield code="2">rdamedia</subfield>
  </datafield>
  <datafield tag="338" ind1=" " ind2=" ">
    <subfield code="a">volume</subfield>
    <subfield code="2">rdacarrier</subfield>
  </datafield>
  <datafield tag="520" ind1=" " ind2=" ">
    <subfield code="a">Hubungan Amira dan Iskandar mendapat restu dari Puan Anum, ibu Iskandar. Namun, desakan demi desakan dari Puan Anum agar mereka mempercepatkan perkahwinan membuatkan Amira kurang selesa.
Kehadiran sekeping kad turut membuat Amira keliru. Bertambah bingung Amira jadinya apabila seseorang telah memperkenalkan dirinya dan meminta agar Amira berhati-hati dalam membuat keputusan. 
Dia bakal tanggung akibat dari pilihan yang dibuat.Apakah yang bakal menanti Amira? Siapakah wanita misteri yang menganggunya? 
Apakah semua teka-teki itu ada kaitan dengan Iskandar dan keluarganya?Amira merenung kad berwarna putih itu dengan pandangan pelik. &#x201C;Siapa bagi?&#x201D; soalnya kemudian.
&#x201C;Stay away. Jauhkan diri awak dari mereka,&#x201D; wanita itu kemudiannya berbisik lembut.</subfield>
  </datafield>
  <datafield tag="650" ind1="1" ind2="0">
    <subfield code="a">Malay fiction </subfield>
  </datafield>
  <datafield tag="650" ind1="2" ind2="4">
    <subfield code="a">Malaysian fiction (Malay)</subfield>
  </datafield>
  <datafield tag="942" ind1=" " ind2=" ">
    <subfield code="2">ddc</subfield>
    <subfield code="c">B</subfield>
  </datafield>
  <datafield tag="999" ind1=" " ind2=" ">
    <subfield code="c">198756</subfield>
    <subfield code="d">198756</subfield>
  </datafield>
  <datafield tag="952" ind1=" " ind2=" ">
    <subfield code="0">0</subfield>
    <subfield code="7">0</subfield>
    <subfield code="b">PPAK</subfield>
    <subfield code="c">G</subfield>
    <subfield code="d">2025-02-09</subfield>
    <subfield code="l">3</subfield>
    <subfield code="o">899.2333 ZAI</subfield>
    <subfield code="p">A01860481</subfield>
    <subfield code="r">2025-10-22 16:48:20</subfield>
    <subfield code="s">2025-10-18</subfield>
    <subfield code="y">B</subfield>
  </datafield>
  <datafield tag="952" ind1=" " ind2=" ">
    <subfield code="0">0</subfield>
    <subfield code="7">0</subfield>
    <subfield code="b">SP</subfield>
    <subfield code="c">G</subfield>
    <subfield code="d">2025-02-09</subfield>
    <subfield code="l">3</subfield>
    <subfield code="m">1</subfield>
    <subfield code="o">899.2333 ZAI</subfield>
    <subfield code="p">A01860482</subfield>
    <subfield code="q">2026-07-18</subfield>
    <subfield code="r">2026-06-27 15:54:11</subfield>
    <subfield code="s">2026-06-27</subfield>
    <subfield code="y">B</subfield>
  </datafield>
  <datafield tag="952" ind1=" " ind2=" ">
    <subfield code="0">0</subfield>
    <subfield code="7">0</subfield>
    <subfield code="b">JT</subfield>
    <subfield code="c">G</subfield>
    <subfield code="d">2025-02-09</subfield>
    <subfield code="l">1</subfield>
    <subfield code="m">1</subfield>
    <subfield code="o">899.2333 ZAI</subfield>
    <subfield code="p">A01860483</subfield>
    <subfield code="r">2025-10-01 15:27:57</subfield>
    <subfield code="s">2025-08-13</subfield>
    <subfield code="y">B</subfield>
  </datafield>
  <datafield tag="952" ind1=" " ind2=" ">
    <subfield code="0">0</subfield>
    <subfield code="7">0</subfield>
    <subfield code="b">LW</subfield>
    <subfield code="c">G</subfield>
    <subfield code="d">2025-02-09</subfield>
    <subfield code="l">1</subfield>
    <subfield code="o">899.2333 ZAI</subfield>
    <subfield code="p">A01860484</subfield>
    <subfield code="q">2026-07-12</subfield>
    <subfield code="r">2026-06-21 15:34:02</subfield>
    <subfield code="s">2026-06-21</subfield>
    <subfield code="y">B</subfield>
  </datafield>
  <datafield tag="952" ind1=" " ind2=" ">
    <subfield code="0">0</subfield>
    <subfield code="7">0</subfield>
    <subfield code="b">KM</subfield>
    <subfield code="c">G</subfield>
    <subfield code="d">2025-02-09</subfield>
    <subfield code="l">2</subfield>
    <subfield code="m">1</subfield>
    <subfield code="o">899.2333 ZAI</subfield>
    <subfield code="p">A01860485</subfield>
    <subfield code="r">2025-09-03 14:09:32</subfield>
    <subfield code="s">2025-08-20</subfield>
    <subfield code="y">B</subfield>
  </datafield>
  <datafield tag="952" ind1=" " ind2=" ">
    <subfield code="0">0</subfield>
    <subfield code="7">0</subfield>
    <subfield code="b">BL</subfield>
    <subfield code="c">G</subfield>
    <subfield code="d">2025-02-09</subfield>
    <subfield code="l">3</subfield>
    <subfield code="m">1</subfield>
    <subfield code="o">899.2333 ZAI</subfield>
    <subfield code="p">A01860486</subfield>
    <subfield code="r">2025-12-28 15:32:48</subfield>
    <subfield code="s">2025-12-21</subfield>
    <subfield code="y">B</subfield>
  </datafield>
  <datafield tag="952" ind1=" " ind2=" ">
    <subfield code="0">0</subfield>
    <subfield code="7">0</subfield>
    <subfield code="b">BB</subfield>
    <subfield code="c">G</subfield>
    <subfield code="d">2025-02-09</subfield>
    <subfield code="l">0</subfield>
    <subfield code="o">899.2333 ZAI</subfield>
    <subfield code="p">A01860487</subfield>
    <subfield code="r">2025-02-09 10:46:22</subfield>
    <subfield code="y">B</subfield>
  </datafield>
  <datafield tag="952" ind1=" " ind2=" ">
    <subfield code="0">0</subfield>
    <subfield code="7">0</subfield>
    <subfield code="b">MR</subfield>
    <subfield code="c">G</subfield>
    <subfield code="d">2025-02-09</subfield>
    <subfield code="l">1</subfield>
    <subfield code="o">899.2333 ZAI</subfield>
    <subfield code="p">A01860488</subfield>
    <subfield code="r">2026-02-21 10:51:33</subfield>
    <subfield code="s">2026-01-31</subfield>
    <subfield code="y">B</subfield>
  </datafield>
  <datafield tag="952" ind1=" " ind2=" ">
    <subfield code="0">0</subfield>
    <subfield code="7">0</subfield>
    <subfield code="b">YN</subfield>
    <subfield code="c">G</subfield>
    <subfield code="d">2025-02-09</subfield>
    <subfield code="l">1</subfield>
    <subfield code="m">1</subfield>
    <subfield code="o">899.2333 ZAI</subfield>
    <subfield code="p">A01860489</subfield>
    <subfield code="r">2025-06-11 06:21:17</subfield>
    <subfield code="s">2025-05-04</subfield>
    <subfield code="y">B</subfield>
  </datafield>
  <datafield tag="952" ind1=" " ind2=" ">
    <subfield code="0">0</subfield>
    <subfield code="7">0</subfield>
    <subfield code="b">SK</subfield>
    <subfield code="c">G</subfield>
    <subfield code="d">2025-02-09</subfield>
    <subfield code="l">3</subfield>
    <subfield code="m">1</subfield>
    <subfield code="o">899.2333 ZAI</subfield>
    <subfield code="p">A01860490</subfield>
    <subfield code="r">2025-07-21 10:09:28</subfield>
    <subfield code="s">2025-06-16</subfield>
    <subfield code="y">B</subfield>
  </datafield>
  <datafield tag="952" ind1=" " ind2=" ">
    <subfield code="0">0</subfield>
    <subfield code="7">0</subfield>
    <subfield code="b">KN</subfield>
    <subfield code="c">G</subfield>
    <subfield code="d">2025-02-09</subfield>
    <subfield code="l">0</subfield>
    <subfield code="o">899.2333 ZAI</subfield>
    <subfield code="p">A01860491</subfield>
    <subfield code="r">2025-02-09 10:46:22</subfield>
    <subfield code="y">B</subfield>
  </datafield>
  <datafield tag="952" ind1=" " ind2=" ">
    <subfield code="0">0</subfield>
    <subfield code="7">0</subfield>
    <subfield code="b">PG</subfield>
    <subfield code="c">G</subfield>
    <subfield code="d">2025-02-09</subfield>
    <subfield code="l">1</subfield>
    <subfield code="o">899.2333 ZAI</subfield>
    <subfield code="p">A01860492</subfield>
    <subfield code="r">2026-06-29 10:38:06</subfield>
    <subfield code="s">2026-06-22</subfield>
    <subfield code="y">B</subfield>
  </datafield>
</record>
